Poistenie ako významný nástroj zabezpečenia finančnej stability poľnohospodárskych podnikov

Význam poistenia v poľnohospodárstve. Redukcia rizika formou poistenia. Možnosti poistenia podnikateľských subjektov pôsobiacich v oblasti poľnohospodárstva v SR. Schéma štátnej pomoci na platby poistného.

Salvato in:
Dettagli Bibliografici
Autore principale: Meheš, Marek
Natura: Capitolo di libro
Lingua:slovacco
Soggetti:
Tags: Aggiungi Tag
Nessun Tag, puoi essere il primo ad aggiungerne!!

MARC

LEADER 00000nla$a2200000$$$4500
001 0105305
005 20240502072148.0
041 0 |a slo 
044 |a SK 
245 1 0 |a Poistenie ako významný nástroj zabezpečenia finančnej stability poľnohospodárskych podnikov  |c Marek Meheš 
520 |a Význam poistenia v poľnohospodárstve. Redukcia rizika formou poistenia. Možnosti poistenia podnikateľských subjektov pôsobiacich v oblasti poľnohospodárstva v SR. Schéma štátnej pomoci na platby poistného. 
610 2 0 |a poistenie 
610 2 0 |a poľnohospodárstvo 
610 2 0 |a riziko 
610 2 0 |a škody 
610 2 0 |a poistné 
610 2 0 |a pomoc štátna 
610 2 0 |a podnikanie 
610 2 0 |a podnik malý 
610 2 0 |a podnik stredný 
100 1 |a Meheš, Marek